| 000 | 00667nam a22001937a 4500 | ||
|---|---|---|---|
| 003 | NUST | ||
| 005 | 20250723154634.0 | ||
| 008 | 170922b xxu||||| |||| 00| 0 eng d | ||
| 040 | _cNUST | ||
| 082 | _a200 | ||
| 100 |
_aMumtaz,Muhammad Zubair _94896 |
||
| 245 |
_aEmpirical investigation of pricing performance of initial public offerings (IPOs): evidence from Pakistan/ _cMuhammad Zubair Mumtaz |
||
| 260 |
_aIslamabad _c2015 _bNBS NUST |
||
| 300 | _a161p, | ||
| 655 |
_xPhD-Management and Human Resource _9130093 |
||
| 700 |
_aSupervisor :Dr. Ather Maqsood Ahmed, _9124809 |
||
| 856 | _u http://10.250.8.41:8080/xmlui/handle/123456789/26318 | ||
| 942 |
_2ddc _cSC |
||
| 999 |
_c331285 _d331285 |
||